Metódy ohodnocovania manažérskej spôsobilosti a ich využívanie v praxi konkrétnych podnikoch diplomová práca

Na minha lista:
Detalhes bibliográficos
Autor principal: Vadkerti, Réka
Autor Corporativo: Fakulta podnikového manažmentu EU. Katedra manažmentu
Outros Autores: Porvazník, Ján
Formato: Livro
Idioma:eslovaco
Publicado em: Bratislava 2014
Tags: Adicionar Tag
Sem tags, seja o primeiro a adicionar uma tag!

MARC

LEADER 00000nbm a2200000 4500
001 0187894
005 20170201091658.5
041 0 |a slo 
044 |a SK 
245 1 0 |a Metódy ohodnocovania manažérskej spôsobilosti a ich využívanie v praxi konkrétnych podnikoch  |b diplomová práca  |c Réka Vadkerti ; školiteľ: Ján Porvazník 
264 1 |a Bratislava  |c 2014 
300 |a 94 s. 
100 1 |a Vadkerti, Réka 
700 1 |a Porvazník, Ján 
710 2 |a Fakulta podnikového manažmentu EU. Katedra manažmentu